Korona Gór Polskich - Szczyty - Statystyki

Ogólne statystyki
  • Ten quiz został rozwiązany 133 razy
  • Średni wynik to 15 z 28
Statystyki odpowiedzi
Odpowiedź Pasmo górskie Wysokość (m n.p.m.) % Poprawnych
Rysy Tatry 2499
98%
Śnieżka Karkonosze 1603
98%
Babia Góra Beskid Żywiecki 1725
89%
Śnieżnik Masyw Śnieżnika 1423
86%
Tarnica Bieszczady Zachodnie 1346
81%
Łysica Góry Świętokrzyskie 614
78%
Ślęża Masyw Ślęży 718
73%
Turbacz Gorce 1310
70%
Skrzyczne Beskid Śląski 1257
56%
Szczeliniec Wielki Góry Stołowe 919
56%
Wielka Sowa Góry Sowie 1015
56%
Radziejowa Beskid Sądecki 1266
53%
Wysoka (Wysokie Skałki) Pieniny 1050
53%
Lackowa Beskid Niski 997
45%
Orlica Góry Orlickie 1084
45%
Mogielica Beskid Wyspowy 1171
42%
Czupel Beskid Mały 931
38%
Waligóra Góry Kamienne 936
38%
Wysoka Kopa Góry Izerskie 1126
38%
Kowadło Góry Złote 989
36%
Lubomir Beskid Makowski 904
34%
Skalnik Rudawy Janowickie 945
31%
Kłodzka Góra Góry Bardzkie 765
30%
Chełmiec Góry Wałbrzyskie 850
28%
Rudawiec Góry Bialskie 1106
28%
Jagodna Góry Bystrzyckie 977
27%
Skopiec Góry Kaczawskie 724
27%
Biskupia Kopa Góry Opawskie 889
25%
Nie znaleziono quizów pasujących do podanych kryteriów
Rozkład punktacji
Procent ludzi z każdym wynikiem
Percentyl według liczby udzielonych odpowiedzi
Twoja historia wyników
Nie rozwiązałeś tego quizu